La comédie humaine. (Record no. 186091)

MARC details
000 -LEADER
campo de control de longitud fija 01114nam a2200217 i 4500
001 - NÚMERO DE CONTROL
campo de control 186091
003 - IDENTIFICADOR DE NÚMERO DE CONTROL
campo de control ES-MaACL
005 - FECHA Y HORA DE LA ÚLTIMA TRANSACCIÓN
campo de control 20250927121604.0
008 - DATOS DE LONGITUD FIJA--INFORMACIÓN GENERAL
campo de control de longitud fija 160907s1936 fr |||| | fre d
100 1# - ENTRADA PRINCIPAL--NOMBRE DE PERSONA
Nombre de persona Balzac, Honoré de,
Fechas asociadas al nombre 1799-1850
9 (RLIN) 25139
245 10 - MENCIÓN DEL TÍTULO
Título La comédie humaine.
Número de parte o sección de la obra V,
Nombre de parte o sección de la obra Études de moeurs. Scènes de la vie parisienne. 1 /
Mención de responsabilidad, etc. Balzac ; texte établi par Marcel Bouteron.
260 ## - PUBLICACIÓN, DISTRIBUCIÓN, ETC.
Lugar de publicación, distribución, etc. [Paris] :
Nombre del editor, distribuidor, etc. Éd. de la Nouvelle Revue française,
Fecha de publicación, distribución, etc. 1936.
300 ## - DESCRIPCIÓN FÍSICA
Extensión 1154 p. ;
Dimensiones 18 cm.
490 1# - MENCIÓN DE SERIE
Mención de serie Bibliothèque de la Pléiade ;
Designación de volumen o secuencia 32
505 8# - NOTA DE CONTENIDO CON FORMATO
Nota de contenido con formato Contiene: Ferragus ; La duchesse de Langeais ; La fille aux yeux d'or ; Histoire de la grandeur et de la décadence de César Birotteau ; La maison Nucingen ; Comment aiment les filles ; Á combien l'amour revient aux vieillards ; Où mènent les mauvais chemins ; La dernière incarnation de Vautin ; Splendeurs et misères des courtisanes ; Histoire des treize
700 1# - ENTRADA AGREGADA--NOMBRE PERSONAL
Nombre de persona Bouteron, Marcel,
Fechas asociadas al nombre 1877-1962
9 (RLIN) 160767
830 0# - PUNTO DE ACCESO ADICIONAL DE SERIE-TÍTULO UNIFORME
Título uniforme Bibliothèque de la Pléiade ;
Designación de volumen o secuencia 32
9 (RLIN) 180233
852 ## - LOCALIZACIÓN
Ubicación ES-MaACL
Número de control de estantería E-5050
942 ## - ELEMENTOS DE ENTRADA SECUNDARIOS (KOHA)
Fuente del sistema de clasificación o colocación Clasificación decimal universal
Holdings
Estatus retirado Estado de pérdida Estado de daño No para préstamo Biblioteca de origen Biblioteca actual Ubicación en estantería Fecha de adquisición Fuente de adquisición Total de préstamos Signatura topográfica completa Código de barras Visto por última vez Precio de reemplazo Tipo de ítem Koha
        Biblioteca del Ateneo de Madrid Biblioteca del Ateneo de Madrid Depósito 2 07/09/2016     E-5050 1196196 23/02/2023 23/02/2023 Libro impreso